| 000 | 00345nam a22001457a 4500 | ||
|---|---|---|---|
| 008 | 240318b ||||| |||| 00| 0 eng d | ||
| 020 | _a0043010946 | ||
| 041 | _aeng | ||
| 080 |
_21983 _a316 |
||
| 082 | _a316MUL | ||
| 100 | _a24 | ||
| 101 | _aSOCIOLOGJI | ||
| 245 |
_aSCIENCE AND THE SOCIOLOGY OF KNOWLEDGE _cMICHAEL MULKAY |
||
| 942 |
_2udc _cBK |
||
| 999 |
_c60604 _d60604 |
||